Statistics for Common law jurisdictions

Click here to take the quiz!

General Stats

  • This quiz has been taken 136 times
  • The average score is 14 of 35

Answer Stats

Jurisdictions% Correct
United Kingdom
97%
United States
95%
Australia
90%
Canada
88%
New Zealand
81%
Ireland
72%
Jamaica
50%
Bahamas
47%
Barbados
45%
Fiji
43%
Antigua and Barbuda
41%
Belize
41%
Scotland
38%
Hong Kong
36%
Trinidad and Tobago
36%
St Kitts and Nevis
34%
Grenada
32%
Marshall Islands
32%
Quebec
32%
Tonga
32%
St Vincent and the Grenadines
31%
Tuvalu
31%
Dominica
29%
Louisiana
29%
Kiribati
28%
Nauru
28%
Palau
27%
Cyprus
24%
Ghana
23%
Uganda
21%
Gibraltar
14%
Myanmar
10%
Bhutan
6%
British Virgin Islands
5%
American Samoa
4%

Score Distribution

Percentile by Number Answered

Percent of People with Each Score

Your Score History

You have not taken this quiz